zpět

Detail výsledku týmu

MaxWilliam, Znojmo

Datum a čas kvízu

32.5 Celkem bodů Celkový počet nahraných bodů na tomto kvízu bez doplňovacích otázek.
3. Pořadí na kvízu Konečné umístění týmu na tomto kvízu.

Zaznamenané odpovědi

# Otázka Odpověď Body Výsledky
1. ODS v pondělí představila svou... 1C 2D 3B 4A 1
2. Donald Trump daroval členům sv... boty 1
3. Který pořad České televize osl... Branky, body, vteřiny 1
4. Která společnost patřící do na... Orlen Unipetrol 0
5. V pátek se Česko po 24 letech... Carina Edlingerová; (para)biatlon 0
6. Nejrozšířenějším „národním spo... D 0
7. Za národní sport lze považovat... národní házená (česká házená) 1
8. Podle anglické Wikipedie exist... o Kanadě 1
9. U uzákoněných národních sportů... polo; basketbal 0.5
10. I medailové úspěchy z olympijs... D 1